The grammar of mathematics

Αποθηκεύτηκε σε:
Λεπτομέρειες βιβλιογραφικής εγγραφής
Κύριος συγγραφέας: Durst, Lincoln K.
Μορφή: Βιβλίο
Γλώσσα:English
Δημοσίευση: Reading, Mass. : Addison-Wesley Pub. Co., c1969
Σειρά:Addison-Wesley series in introductory mathematics
Θέματα:
Ετικέτες: Προσθήκη ετικέτας
Δεν υπάρχουν, Καταχωρήστε ετικέτα πρώτοι!

MARC

LEADER 00000cam a2200000 i 4500
001 1/97303
008 081114s1969 eng d
035 |l 10101664 
040 |a GR-MY-UA  |b gre  |e aacr 
041 0 |a eng 
082 0 |a 511.3  |2 (22) 
100 1 |a Durst, Lincoln K. 
245 1 4 |a The grammar of mathematics /  |c by Lincoln K. Durst 
260 |a Reading, Mass. :   |b Addison-Wesley Pub. Co.,   |c c1969 
300 |a 178 σ.;  |c 24 εκ. 
490 1 |a Addison-Wesley series in introductory mathematics 
504 |a Περιέχει βιβλιογραφία (σ. 172) και ευρετήριο 
650 0 0 |a Logic, Symbolic and mathematical. 
830 0 |a Addison-Wesley series in introductory mathematics 
852 |a INST  |b SAMOS  |c MAG  |e 20081114  |h 511.3 DUR  |p 005300029604  |q 005300029604  |t BK  |y 0 
901 |a BIBL3-2008-3 
909 |a Σ  |b 155375 
970 |a ΣΙΤΖΙΜΗ  |b ΓΙΑΣΕΜΗ  |z 2008/11/14